| 000 | 03162nam2a22004331 4500 | ||
|---|---|---|---|
| 001 | RU\NLR\A1\434 | ||
| 005 | 20251203152403.2 | ||
| 035 | _a(NLR Aleph) 009670600 | ||
| 090 |
_a13473952 _c13473952 |
||
| 100 | _a19960607d1775 a y0rusy50 ca | ||
| 101 | 1 |
_arus _cger |
|
| 135 | _acrcn 024anaba | ||
| 140 | _ay y edyaa0100 | ||
| 200 | 0 | _aЧ.2 | |
| 215 | _a[8], 112, [4] с. | ||
| 300 | _aС.[4] пустая | ||
| 316 |
_aЭкз. РНБ (20.50.4.9 (ч.2)) в картон. цельнокожаном пер., обтянутом крас. сафьяном. На крышках пер. золотом вытиснена орнаментальная рамка. На нижней крышке пер. экслибрис рус. фонда РНБ с шифром. Корешок с 5-ю бинтами, На корешке золотое тиснение: "Часть II", светлая кожаная наклейка, на которой вытиснено: «Басни и сказки г. Геллер» и бумаж. наклейка с номером «82». Обрез золотой. Форзац и нахзац из бумаги "павлинье перо". На форзаце ярлык с шифром РНБ. При переплете после форзаца и перед нахзацем вплетены листы. Размер: 20,1х12,4х2,2 см _5NLR: 20.50.4.9 (ч.2) |
||
| 317 |
_aВ экз. РНБ (20.50.4.9 (ч.2)) на тит. л. владельч. запись карандашом: "Ex libri Pousch" _5NLR: 20.50.4.9 (ч.2) |
||
| 325 | _aКопия доступна в Электрон. б-ке РНБ | ||
| 461 | 1 |
_1001RU\NLR\A1\432 _12000#$aБасни и сказки$fсочинения г. Геллерта.$gПеревел с немецкаго на российской язык М.Матинской$vЧ.2 _1700#1$aГеллерт$bХ.Ф.$f1715-1769$gХристиан Фюрхтеготт$4070$3RU\NLR\AUTH\77101156 _99659452 _aГеллерт, Х. Ф. (1715-1769) _cВ Санктпетербурге _d1775 _fсочинения г. Геллерта. _nпри Императорской Академии наук _tБасни и сказки _vЧ.2 |
|
| 702 | 1 |
_6z01790 _aПушкин _5NLR: 20.50.4.9 (ч.2) _4390 |
|
| 702 | 1 |
_6z01702 _aPousch _5NLR: 20.50.4.9 (ч.2) _4390 |
|
| 801 | 0 |
_aRU _bNLR _c19960607 |
|
| 852 |
_aNLR _j20.50.4.9 (ч.2) |
||
| 856 | 0 | _uhttps://vivaldi.nlr.ru/bx000019158/view | |
| 856 | 1 | _uhttps://vivaldi.nlr.ru/bx000019158/cover | |
| 856 | 2 | _uhttps://vivaldi.nlr.ru/bx000019158/text | |
| 942 | _cBOOK | ||
| 980 | 3 | _akpcivil2020 | |
| 980 | 3 | _akp2020 | |
| 980 | 3 | _akp | |
| 980 | _aA1XVIIIv | ||
| 980 | _aNB | ||
| 981 | 3 | 3 |
_a(33) Художественная литература _b(33) Переводы |
| 981 | 2 | 0 |
_a(20) Книжные памятники РНБ _b(20) Русский книжный фонд |